| 000 | 01400nam0a2200373 4500 | ||
|---|---|---|---|
| 001 | RU\NLR\bibl\1481005 | ||
| 005 | 20260316161833.0 | ||
| 010 |
_a978-5-91366-117-3 _9700 |
||
| 021 |
_aRU _b2009-109387 _96966 |
||
| 035 | _a(NLR Aleph) 001472651 | ||
| 035 | _a(nilc)RSL-KNO-004568247 | ||
| 090 |
_a1653410 _c1653410 |
||
| 100 | _a20100114d2009 u y0rusy50 ca | ||
| 101 | 0 | _arus | |
| 102 | _aRU | ||
| 105 | _aa ||||||||| | ||
| 200 | 1 |
_aСинева на крылах _eальманах _fЛит. клуб ЦДЛ "Московитянка" _g[ред.-сост.: Свеилана Соложенкина, Наталия Чистякова _gгл. ред.: Полина Рожнова] |
|
| 210 |
_aМосква _cУ Никитских ворот _d2009 |
||
| 215 |
_a174, [1] с. _cил., факс. _d20 |
||
| 686 |
_aШ5(2=Р)75-6я43 _2rubbk |
||
| 686 | _aШ6(2=Р)8-999 | ||
| 686 | _aШ6(2=Р)8-97 | ||
| 686 | _aШ6(2=Р)8-98 | ||
| 702 | 1 |
_aСоложенкина _bС. _gСветлана _4220 |
|
| 702 | 1 |
_aРожнова _bП. _gПолина _4340 |
|
| 712 | 0 | 2 |
_4570 _a"Московитянка", литературный клуб _cМосква _9531954 _3RU\NLR\AUTH\8810017052 |
| 801 | 0 |
_aRU _bRuMoRGB _c20100114 _grcr |
|
| 801 | 1 |
_aRU _bRuMoRGB _c20100114 |
|
| 801 | 2 |
_aRU _bNLR _c20100305 _grcr |
|
| 942 | _cBOOK | ||
| 980 | _aNB | ||